00644 2200241 4500001002100000005001500021035002000036007000300056008004100059020001500100082001200115084001900127100002700146245003800173250001000211300003600221650001300257264003800270336002100308337001900329338002100348856003300369INLIS00000000000147720260511083205 a0010-0526000002ta260511 g 0 ind  a9794892092 a639.542 a639.542 SOI p1 aSoim, AhmadePengarang1 aPembesaran Kepiting /cAhmad Soim acet.1 aviii, 62 p. :bilus. ;c20,5 cm 4aKepiting aJakarta :bPenebar Swadaya,c1994 2rdacontentateks 2rdamediaabuku 2rdacarrierabuku aPerpustakaan SMK PP N Kupang